000 00631nam a2200229Ia 4500
003 OSt
005 20220928111239.0
006 a|||||r|||| 00| 0
007 ta
008 220927b |||||||| |||| 00| 0 eng d
024 _a30578
037 _cReference Collections
040 _aSDCL
_cSDCL
_beng
041 _2eng
_aeng
082 _aQk, L0 RR
100 _aBrandon S G F Ed.
_9356970
245 0 _aDictionary of comparative Religion.
260 _aLondon
_bWeidenfeld
_c1970
300 _a704p
_ccm.
942 _hQk, L0 RR
_cREF
_2CC
999 _c739415
_d739415